000 00354 a2200145 4500
001 75993
020 _a9788582171653
040 _cAnchieta - Colégio São Paulo
240 1 0 _aMeu irmão não anda, mas pode voar
_lpor
245 1 0 _aMeu irmão não anda, mas pode voar
300 _a23
362 0 _a2017
650 4 _aLiteratura infantil
942 _cBK
999 _c75993
_d75993